000 00688nam a2200265Ia 4500
005 20260121173617.0
008 008 260114s9999 xx 000 0 eng d
020 _a9783658082901
037 _aEBOOK
040 _aCRL
040 _beng
040 _cCRL
041 _2eng
041 _aeng
084 _qCRL
100 _aFranziska Eller
_91103010
245 4 _aThe Effectiveness of Neurofeedback Training for Children with Autism Spectrum Disorders
260 _bSpringer
260 _bSpringer
260 _c2015
856 _uhttps://link.springer.com/openurl?genre=book&isbn=978-3-658-08290-1
942 _cEBOOK
999 _c1668755
_d1668755